| 000 | 03551cam a2200397 4500500 | ||
|---|---|---|---|
| 005 | 20260222002649.0 | ||
| 041 | _afre | ||
| 042 | _adc | ||
| 100 | 1 | 0 |
_aProthe, Carole _eauthor |
| 700 | 1 | 0 |
_aFathallah, Nadia _eauthor |
| 700 | 1 | 0 |
_aBarré, Amélie _eauthor |
| 700 | 1 | 0 |
_aPommaret, Élise _eauthor |
| 700 | 1 | 0 |
_aRentien, Anne-Laure _eauthor |
| 700 | 1 | 0 |
_aRoland, Déborah _eauthor |
| 700 | 1 | 0 |
_aAlam, Amine _eauthor |
| 700 | 1 | 0 |
_aSkoufou, Maria _eauthor |
| 700 | 1 | 0 |
_aBenfredj, Paul _eauthor |
| 700 | 1 | 0 |
_ade Parades, Vincent _eauthor |
| 245 | 0 | 0 | _aLésions anopérinéales non fistulisantes de la maladie de Crohn : revue pratique et implications thérapeutiques |
| 260 | _c2026. | ||
| 500 | _a100 | ||
| 520 | _aLes lésions anopérinéales (LAP) sans fistule dans la maladie de Crohn, bien que fréquentes, sont encore insuffisamment explorées. Contrairement aux fistules et aux abcès, leur prise en charge s’appuie sur des données encore peu standardisées. Leur présentation clinique polymorphe est susceptible de retarder le diagnostic. L’examen clinique constitue une étape incontournable, généralement complétée par une IRM pelvienne pour exclure une fistule ou un abcès. La stratégie thérapeutique repose en premier lieu sur les anti-TNFα, fréquemment associés à des immunosuppresseurs. Les autres biothérapies, notamment les inhibiteurs de Janus Kinase (JAK), sont prometteuses, offrant de nouvelles perspectives thérapeutiques, malgré un niveau faible de preuve par manque de données. La chirurgie est uniquement indiquée dans les formes cicatricielles ou dans les complications dégénératives. De la même manière que les lésions fistulisantes, ce type d’atteinte a un pouvoir de dégénérescence imposant une surveillance, dont les modalités ne sont pas consensuelles. La présente mini-revue propose une synthèse pratique sur le diagnostic, l’évaluation et la prise en charge de ces lésions. | ||
| 520 | _aDespite its frequency, non-fistulizing perianal lesions in Crohn’s disease remain underexplored. In contrast to fistulas and abscesses, their management is based on poorly standardized data. Their polymorphic clinical presentation can delay the diagnosis. Clinical examination is essential and should be complemented by pelvic MRI to exclude underlying complications such as fistulas or abscesses. Treatment primarily relies on anti-TNFα agents, often in combination with immunosuppressants. Other biologic therapies, including JAK inhibitors, offer promising prospects, although low level of evidence with limited clinical data on non-fistulizing lesions available. Surgery is reserved for fibrotic lesions or degenerative complications. Long-term follow-up is mandatory due to the risk of anal cancer in chronic cases. This mini-review provides a practical overview of the diagnostic, evaluative, and therapeutic strategies for these underrecognized manifestations of perianal Crohn’s disease. | ||
| 690 | _aanti-TNFα | ||
| 690 | _alésions ano-périnéales non fistulisantes | ||
| 690 | _amaladie de Crohn | ||
| 690 | _asténoses | ||
| 690 | _aulcération anale | ||
| 690 | _aanal ulceration | ||
| 690 | _aanti-TNFα | ||
| 690 | _aCrohn’s disease | ||
| 690 | _anon fistulizing perianal lésions | ||
| 690 | _astrictures | ||
| 786 | 0 | _nHépato-Gastro & Oncologie Digestive | 33 | 1 | 2026-02-10 | p. 20-30 | 2115-3310 | |
| 856 | 4 | 1 | _uhttps://stm.cairn.info/revue-hepato-gastro-oncologie-digestive-2026-1-page-20?lang=fr&redirect-ssocas=7080 |
| 999 |
_c1665502 _d1665502 |
||